000 00930nam a2200277 a 4500
001 26523
003 CO-ViMGA
005 20230915224034.0
008 141112s2004 ck r 000 u spa d
020 _a9789681647216
035 _aAGR6521 LA
040 _aCO-ViMGA
_bspa
_cCO-ViMGA
041 _aspa eng
043 _ae - eng - uk
090 _aC SWI2
100 1 _aSwindells, Robert, 1939 -
_95879
245 1 0 _aRolf y Rosi /
_cRobert Swindells ; ilustraciones de Claudia Legnazzi ; traducción de Joaquín Diez - Canedo F.
260 _aMéxico :
_bFondo de Cultura Económico
300 _a63 p. ; il. ; 19 cm.
490 _aA la orilla del viento. para los que estan aprendiendo a leer ; 69
650 1 4 _aCUENTOS INFANTILES INGLESES
650 1 4 _aVIAJES INTERPLANETARIOS - - CUENTOS INFANTILES
_95880
700 1 _aDíez - Canedo F., Joaquín, tr.
700 1 _aLegnazzi, Claudia, il.
942 _2ddc
_cBK
999 _c11034
_d11034